00434nam a2200157 a 450000100060000000300090000600800410001502000150005604000280007108200160009910000380011524500360015326000460018930000110023565000300024617982CO-ViMGA141112s2004 ck r 000 u spa d a950701490X aCO-ViMGAbspacCO-ViMGA04a372.66 T3171 aGonzalez de Diaz Araujo, Graciela10aTeatro , adolescencia y escuela aBuenos Aires (Argentina), cAique, c1998 a174.p.14aTEATRO ESCOLAR E INFANTIL